[Event "Yuzhny FO-ch op"]
[Site "Armavir"]
[Date "2015.02.??"]
[Round "5"]
[White "Davydov, Vladimir"]
[Black "Gusev, Vitaly N"]
[Result "1-0"]
[WhiteElo "1941"]
[BlackElo "1825"]
[PlyCount "47"]
[EventDate "2015.02.13"]
[EventType "swiss"]
[EventRounds "9"]
[EventCountry "RUS"]
[SourceTitle "CBM 165 Extra"]
[Source "ChessBase"]
[SourceDate "2015.04.21"]
[SourceVersion "1"]
[SourceVersionDate "2015.04.21"]
[SourceQuality "1"]

1. e4 c5 2. Nf3 b6 3. d4 cxd4 4. Nxd4 Bb7 5. Nc3 a6 6. Be3 d6 7. Qd2 Nf6 8. f3 Nbd7 9. g4 h6 10. 0-0-0 Rc8 11. Nf5 Ne5 12. Nd5 Nxd5 13. exd5 Qc7 14. Kb1 Nc4 15. Bxc4 Qxc4 16. c3 a5 17. Bxb6 a4 18. Rhe1 e6 19. dxe6 fxe6 20. Nxd6+ Bxd6 21. Qxd6 Qc6 22. Rxe6+ Kf7 23. Qe7+ Kg8 24. Rxc6 1-0

[Event "Yuzhny FO-ch op"]
[Site "Armavir"]
[Date "2015.02.??"]
[Round "4"]
[White "Pogrebnoy, Evgeny"]
[Black "Davydov, Vladimir"]
[Result "1-0"]
[WhiteElo "2044"]
[BlackElo "1941"]
[PlyCount "35"]
[EventDate "2015.02.13"]
[EventType "swiss"]
[EventRounds "9"]
[EventCountry "RUS"]
[SourceTitle "CBM 165 Extra"]
[Source "ChessBase"]
[SourceDate "2015.04.21"]
[SourceVersion "1"]
[SourceVersionDate "2015.04.21"]
[SourceQuality "1"]

1. d4 Nf6 2. Nf3 g6 3. Bg5 Bg7 4. Nbd2 d5 5. e3 0-0 6. c4 c6 7. Bd3 Nbd7 8. 0-0 Nb6 9. Rc1 Bg4 10. c5 Nbd7 11. Qb3 Qc7 12. h3 Bxf3 13. Nxf3 Rfe8 14. Bf4 Qc8 15. Bh2 Nh5 16. g4 Nhf6 17. Rce1 Nf8 18. Ne5 1-0

[Event "Cheliabinsk CC-ch Seniors"]
[Site "Cheliabinsk"]
[Date "2007.08.05"]
[Round "4"]
[White "Geshelin, Yuri"]
[Black "Davydov, Vladimir"]
[Result "1-0"]
[WhiteElo "2088"]
[BlackElo "2014"]
[PlyCount "68"]
[EventDate "2007.07.29"]
[EventType "tourn"]
[EventRounds "7"]
[EventCountry "RUS"]
[SourceTitle "EXT 2022"]
[Source "ChessBase"]
[SourceDate "2021.10.06"]
[SourceVersion "1"]
[SourceVersionDate "2021.10.06"]
[SourceQuality "1"]

1. d4 e6 2. Bf4 c5 3. c3 d5 4. e3 Nc6 5. Nf3 a6 6. a4 Qb6 7. Qc2 c4 8. Nbd2 f5 9. Be2 Bd7 10. 0-0 Nf6 11. h3 Be7 12. Ne5 Nxe5 13. Bxe5 h5 14. f3 Bd6 15. Bxf6 gxf6 16. e4 Bc7 17. exd5 Qd6 18. f4 exd5 19. b3 Qe7 20. Rfe1 0-0-0 21. Bxc4 Qg7 22. Bxd5 Rde8 23. Rxe8+ Rxe8 24. Qd3 Qe7 25. Nc4 b5 26. axb5 Bxb5 27. Qxf5+ Kb8 28. Qxh5 Bxc4 29. bxc4 Qe3+ 30. Kh1 Bxf4 31. Rb1+ Kc8 32. Qf5+ Kd8 33. Qxf6+ Kd7 34. Rb7+ Bc7 1-0